Detalles MARC
| 000 -LIDER |
| fixed length control field |
01039nam a2200301 a 4500 |
| 001 - NÚMERO DE CONTROL |
| Identificador de número de control |
|
| 003 - IDENTIFICACDOR DE NÚMERO DE CONTROL |
| control field |
DO-SdBNP |
| 005 - DATE AND TIME OF LATEST TRANSACTION |
| control field |
20211124111757.0 |
| 008 - ELEMENTOS DE LONGITUD FIJA |
| fixed length control field |
100322s2009 dr 000 j spa d |
| 020 ## - ISBN |
| International Standard Book Number |
9789993442882 |
| 040 ## - FUENTE DE CATALOGACIÓN |
| Agencia que crea de manera original el registro |
DO-SdBNP |
| Idioma de catalogación |
spa |
| Agencia que realiza la transcripción |
BPMSU |
| 082 ## - NÚMERO DE CLASIFICACIÓN DECIMAL DE DEWEY |
| Classification number |
Pe863.5 |
| Item number |
A454m 2009 |
| Edition number |
22 |
| 100 1# - ASIENTO PRINCIPAL -- NOMBRE PERSONAL |
| Nombre personal |
Alonso, Paul, |
| Fechas asociadas con el nombre |
1978- |
| 245 10 - MENCIÓN DE TITULO |
| Título |
Me persiguen : |
| Subtítulo |
relatos de escape / |
| Mención de responsabilidad |
Paul Alonso ; presentación Alejandro Arvelo. |
| 260 ## - PUBLICACIÓN, DISTRIBUCIÓN, ETC. (PIE DE IMPRENTA) |
| Lugar de publicación, distribución, etc |
Santo Domingo : |
| Nombre del editor, distribuidor, etc. |
Dirección General de la Feria del Libro, |
| Fecha de publicación, distribución, etc |
2009. |
| 300 ## - DESCRIPCIÓN FÍSICA |
| Extensión |
90 p. ; |
| Dimensiones |
23 cm. |
| 490 1# - MENCIÓN DE SERIES |
| Mención de serie |
Ediciones Ferilibro |
| Volume/sequential designation |
v. 112 |
| 500 ## - NOTA GENERAL |
| Nota general |
Inncluye datos biográficos del autor en la solapa de la cubierta. |
| 586 ## - AWARDS NOTE |
| Awards note |
Premio Internacional de Cuento Joven Feria del Libro 2008. |
| 590 ## - NOTA LOCAL |
| Texto de la nota local |
Inventariado, 2021/VM |
| 650 #4 - ENCABEZAMIENTO DE MATERIA--TEMÁTICO |
| Término temático o nombre geográfico como elemento de entrada |
Cuentos peruanos |
| 650 #4 - ENCABEZAMIENTO DE MATERIA--TEMÁTICO |
| Término temático o nombre geográfico como elemento de entrada |
Literatura peruana |
| 700 1# - ASIENTO SECUNDARIO -- NOMBRE PERSONAL |
| Nombre personal |
Arvelo, Alejandro |
| 710 2# - ASIENTO SECUNDARIO -- NOMBRE CORPORATIVO |
| Nombre corporativo o de jurisdicción |
Dirección General de la Feria del Libro (República Dominicana) |
| 830 #0 - ASIENTO SECUNDARIO DE SERIE--TÍTULO UNIFORME |
| Título uniforme |
Ediciones Ferilibro |
| Número de la parte o sección de una obra |
no. 112 |
| 910 ## - VALIDACIÓN |
| Validación |
VMateo V. |
| 942 ## - ADDED ENTRY ELEMENTS (KOHA) |
| Source of classification or shelving scheme |
Dewey Decimal Classification |
| Koha item type |
Libros |